Países Africanos con los Nombres más Cortos - Estadísticas

Estadísticas generales
  • Esta prueba ha sido intentada 10.098 veces
  • La puntuación promedio es 8 de 11
Estadísticas de respuestas
País % Correcto
Chad
92%
Malí
84%
Togo
81%
Níger
80%
Sudán
77%
Libia
76%
Túnez
75%
Ghana
74%
Benín
71%
Kenia
69%
Gabón
66%
No se encontraron pruebas coincidentes
Distribución de puntuación
Porcentaje de gente con cada puntuación
Porcentaje por número respondido
Historial de tus puntuaciones
No has intentado esta prueba.